| 000 | 00895nam a2200277 i 4500 | ||
|---|---|---|---|
| 001 | 89714 | ||
| 003 | ES-MaACL | ||
| 005 | 20230906180243.0 | ||
| 007 | t| | ||
| 008 | 050112s1946 ag ||||1| spa d | ||
| 080 | _a821.111-32"19" | ||
| 100 | 1 |
_aLawrence, D.H. ( _d1885-1930) _970743 |
|
| 245 | 1 | 3 |
_aLa mujer que se fue a caballo / _cD.H. Lawrence ; [traducción directa de Leonor de Acevedo]. |
| 250 | _a2ª ed. | ||
| 260 |
_aBuenos Aires : _bLosada, _c1946. |
||
| 300 |
_a209 p. ; _c17 cm. |
||
| 490 | 1 | _aLa pajarita de papel | |
| 505 | 8 | _aContiene: La mujer que se fue a caballo ; Isla, isla mía ; El oficial prusiano ; Dos abejarrucos | |
| 700 | 1 |
_aAcevedo, Leonor de. _918242 |
|
| 740 | 0 | 2 | _aIsla, isla mía. |
| 740 | 3 | 2 | _aEl oficial prusiano. |
| 740 | 0 | 2 | _aDos abejarrucos. |
| 830 | 1 |
_aLa pajarita de papel _9187600 |
|
| 852 | 4 |
_aES-MaACL _jD-5721 |
|
| 999 |
_c89714 _d89714 |
||